Biblioteca

La santa espada (Registro nro. 64440)

Detalles MARC
000 -LÍDER
Campo fijo de descripción fija 01185nam a22003734i 4500
001 - NÚMERO DE CONTROL
Campo de control bimo0000164726
003 - IDENTIFICADOR DEL NÚMERO DE CONTROL
Campo de control SpMaBN
005 - FECHA Y HORA DE LA ULTIMA TRANSACCIÓN
control field 20190815063837.0
008 - ELEMENTOS DE LONGITUD FIJA -- INFORMACIÓN GENERAL
Campo fijo de descripción fija -- Información general 850926s1985 sp 000 spa
017 ## - COPYRIGHT OR LEGAL DEPOSIT NUMBER
Copyright or legal deposit number B 38778-1984
Assigning agency Oficina Depósito Legal Barcelona
020 ## - NÚMERO INTERNACIONAL NORMALIZADO PARA LIBROS
Número Internacional Normalizado del libro 8425414415
040 ## - FUENTE DE CATALOGACIÓN
Agencia de catalogación original IBH
Idioma de catalogación spa
Convenciones de la descripción rdc
Agencia que realiza la transcripción CO-MdFUSB
Agencia que realiza la modificación CO-MdFUSBC
041 1# - CÓDIGO DE IDIOMA
Código de idioma para texto/pista de sonido o título separado spa
080 #0 - UNIVERSAL DECIMAL CLASSIFICATION NUMBER
Universal Decimal Classification number 884-31"19"
080 #0 - UNIVERSAL DECIMAL CLASSIFICATION NUMBER
Universal Decimal Classification number 92 Pablo, Santo(0:884-3)
082 ## - NÚMERO DE CLASIFICACIÓN DECIMAL DEWEY
Número de la edición del Dewey 23
Número de clasificación 891.853
Clave de autor-Numero de item D634
100 1# - ASIENTO PRINCIPAL--NOMBRE PERSONAL
Nombre personal Dobraczynski, Jan
Término relacionador autor
245 13 - TÍTULO
Título del Material La santa espada
Parte restante del título - Subtitulo : Pablo de Tarso
Mención de responsabilidad, etc. / Jan Dobraczyski ; traductora Ana Mª Rodón Klemensiewich
250 ## - MENCIÓN DE EDICIÓN
Mención de edición Tercera edición
264 #1 - PRODUCCIÓN, PUBLICACIÓN, DISTRIBUCIÓN, MANUFACTURA, Y COPYRIGHT
Lugar de producción, publicación, distribución, manufactura Barcelona, España :
Nombre del productor, publicador, distribuidor Herder,
Fecha de producción, publicación, distribución, manufactura, o copyright ℗[1985]
264 #4 - PRODUCCIÓN, PUBLICACIÓN, DISTRIBUCIÓN, MANUFACTURA, Y COPYRIGHT
Fecha de producción, publicación, distribución, manufactura, o copyright ©1985
300 ## - DESCRIPCIÓN FÍSICA
Extensión 423 páginas ;
Dimensiones 20 cm
336 ## - TIPO DE CONTENIDO
Fuente rdacontent
Término de tipo de contenido texto
Código de tipo de contenido txt
337 ## - TIPO DE MEDIO
Fuente rdamedia
Nombre del tipo de medio sin mediación
Código del tipo de medio n
338 ## - TIPO DE SOPORTE
Fuente rdacarrier
Nombre del tipo de soporte volumen
Código Tipo de soporte nc
650 #0 - ASIENTO SECUNDARIO DE MATERIA - TERMINO TEMÁTICO
Término temático o nombre geográfico como elemento de entrada Biografías cristianas
9 (RLIN) 1238
653 ## - TÉRMINO DE INDIZACIÓN - NO CONTROLADO
Término no controlado Pablo
700 1# - ASIENTO SECUNDARIO - NOMBRE PERSONAL
Nombre personal Rodón Klemensiewicz, Ana María
Responsabilidad traductora
942 ## - TIPO DE MATERIAL (KOHA)
Tipo de Item KOHA Libros General
956 ## - LOCAL ELECTRONIC LOCATION AND ACCESS (OCLC)
Host name 2
980 ## - EQUIVALENCE OR CROSS-REFERENCE-SERIES STATEMENT--PERSONAL NAME/TITLE [LOCAL, CANADA]
Personal name M-BN
Numeration BNALCALA
Attribution qualifier DL/264976
Titles and other words associated with a name CONSERVACI
Existencias
Estado de Material Estado de Perdido Forma de Clasificación Estado de Dañado No para Préstamo Colección Biblioteca de Origen Biblioteca Permanente Fecha de Adquisición Total de Préstamos Signatura Topográfica Código de Barras Última vez visto Ejemplar/Existencia Fecha de Remplazo Tipo de Material
    Dewey Decimal Classification     Colección General Biblioteca FUSBC Biblioteca FUSBC 27/08/2018   G 891.853 D634s 4989 12/12/2019 Ej. 1 27/08/2018 Libros General

Biblioteca FUSBC | Teléfono: (57+4) 349 88 10 Ext. 141| WhatsApp (+57) 3005338115 
E-mail: biblioteca@unisbc.edu.co | Calle 76 87-14 Robledo Palenque, Medellín, Colombia

Con tecnología Koha